Formula 1 -tallien logot - Statistics

Yleistilastot
  • Tätä visaa on pelattu 840 kertaa
  • Keskiarvotulos 8 / 11
Vastaustilastot
Kuvavisa Vastaus % Oikein
Red Bull
100%
Ferrari
98%
Mercedes
96%
Audi
88%
McLaren
71%
Aston Martin
69%
Cadillac
55%
Williams
55%
Haas
51%
Alpine
47%
Racing Bulls
32%
Ehtoja vastaavia visoja ei löytynyt
Tulosjakauma
Jokaisen tuloksen saaneiden osuus
Persentiili vastausten määrän mukaan
Tuloshistoriasi
Et ole pelannut tätä visaa